Muhammad : seal of the prophet

Bibliographic Details
Main Author: Khan, Muhammad Zafrulla , 1893-1985 (Author)
Format: Book
Published: London : Routledge & Kegan Paul , 1980
Subjects:

MARC

LEADER 00000cam a2200000 7i4500
001 0000004215
005 20201201093000.0
008 021118s1980
090 0 0 |a BP75   |b .K427 
100 0 |a Khan, Muhammad Zafrulla ,   |d 1893-1985 ,   |e author 
245 0 0 |a Muhammad :   |b seal of the prophet   |c Muhammad Zafrulla Khan 
260 2 |a London :   |b Routledge & Kegan Paul ,   |c 1980 
300 |a 289 p. ;   |c 21 cm. 
600 0 0 |a Muhammad ,   |c Prophet ,   |d - 632 
999 |a 1000001615   |b Book   |c OPEN SHELF (30 DAYS)   |e Gong Badak Campus 
999 |a 1000001616   |b Book   |c OPEN SHELF (30 DAYS)   |e Gong Badak Campus